000
00336 a2200157 4500
001
186870
020
_a
85-16-00443-0
040
_c
Magnum
100
_a
Noronha, Teresa
240
1
0
_a
Sopa de letrinhas
_l
por
245
1
0
_a
Sopa de letrinhas
300
_a
46
362
0
_a
1991
697
_a
LITERATURA INFANTO-JUVENIL
942
_c
BK
999
_c
186870
_d
186870